|
|
|
|
| LEADER |
00000nas a2200000 a 4500 |
| 001 |
ssj0000858294 |
| 003 |
WaSeSS |
| 005 |
20200512172242.0 |
| 006 |
m d |
| 007 |
cr n |
| 008 |
130315c20uu9999inut| p|s|||||| |0eng d |
| 022 |
|
|
|y 0973-2381
|
| 035 |
|
|
|a (WaSeSS)ssj0000858294
|
| 040 |
|
|
|a WaSeSS
|c WaSeSS
|d WaSeSS
|
| 050 |
|
4 |
|a RM1
|
| 245 |
0 |
0 |
|a Advances in pharmacology and toxicology
|h [electronic resource].
|
| 260 |
|
|
|a Jālgaon, India :
|b Advances in Pharmacology and Toxicology (APT Journals)
|
| 310 |
|
|
|a Three times a year
|
| 506 |
|
|
|a License restrictions may limit access.
|
| 588 |
|
|
|a Description based on: 11 (1) (2010); title from pdf title page (ProQuest, viewed March 15, 2013).
|
| 588 |
|
|
|a Latest issue consulted: 13 (3) (2012) (viewed March 15, 2013).
|
| 650 |
|
0 |
|a Pharmacology
|v Periodicals.
|
| 650 |
|
0 |
|a Toxicology
|v Periodicals.
|
| 655 |
|
0 |
|a Electronic journals.
|
| 776 |
0 |
8 |
|i Print version:
|t Advances in pharmacology and toxicology
|x 0973-2381
|
| 856 |
4 |
0 |
|z Full text available from Research Library: 04/01/2010 to 08/31/2017
|u https://search.proquest.com/publication/136117
|